000 01789cam a22003617i 4500
001 23079415
005 20240830152641.0
008 230424s2023 mau b 001 0 eng d
010 _a 2022436027
015 _aGBC2D9351
_2bnb
016 7 _a020708234
_2Uk
016 7 _aBC17272637
_2JP-ToKJK
020 _a9780128117606
_q(paperback)
035 _a(OCoLC)on1346308160
042 _alccopycat
082 0 4 _a005.133,HAN
100 1 _aHan, Jiawei,
_eauthor.
_986648
245 1 0 _aData mining :
_bconcepts and techniques /
_cJiawei Han, Jian Pei, Hanghang Tong.
250 _aFourth edition.
264 1 _aCambridge, MA, United States :
_bMorgan Kaufmann is an imprint of Elsevier,
_c[2023]
300 _axxix, 752 pages :
_billustrations ;
_c24 cm.
336 _atext
_2rdacontent
337 _aunmediated
_2rdamedia
338 _avolume
_2rdacarrier
490 1 _aThe Morgan Kaufmann series in data management systems
505 _aIntroduction (Page-1), Data, Measurements and data Processing (Page-23), Data Warehousing Online analytical Processing (Page-85), Pattern mining basic concept and methods (Page-145), Pattern Mining Advanced Methods (Page-175), Classifications basic concepts and methods (Page-239), Classifications Advanced Methods (Page-307) Cluster Analysis basics concepts and methods (Page-379), Cluster Analysis Advanced Methods (Page-431), Deep Learning (Page-485), Outlier Detection (Page-557), Data Mining Trends (Page-605).
650 0 _aData mining.
650 7 _aData mining.
_2fast
_0(OCoLC)fst00887946
_9125549
700 1 _aPei, Jian,
_eauthor.
_9123681
700 1 _aTong, Hanghang,
_9123682
830 0 _aMorgan Kaufmann series in data management systems.
_9100551
942 _2ddc
_cREF
_e4th Edition
_h005.133,HAN
999 _c611294
_d611294